|
|
|
|
| LEADER |
01512nam a2200349Ia 4500 |
| 001 |
EBC348641 |
| 003 |
MiAaPQ |
| 005 |
20200520144314.0 |
| 006 |
m o d | |
| 007 |
cr cn||||||||| |
| 008 |
850328s2008 enka sb 000 0 eng d |
| 020 |
|
|
|z 9781846637506
|
| 035 |
|
|
|a (MiAaPQ)EBC348641
|
| 035 |
|
|
|a (Au-PeEL)EBL348641
|
| 035 |
|
|
|a (CaPaEBR)ebr10229704
|
| 035 |
|
|
|a (OCoLC)352935720
|
| 040 |
|
|
|a MiAaPQ
|c MiAaPQ
|d MiAaPQ
|
| 050 |
|
4 |
|a TS156
|b .I6221 2008
|
| 245 |
0 |
4 |
|a The international journal of quality & reliability management.
|n Volume 25, Number 1,
|p Best practice project portfolio management
|h [electronic resource] /
|c Guest editors: Robert A. Hunt and Catherine P. Killen.
|
| 246 |
3 |
|
|a International journal of quality and reliability management.
|n Volume 25, Number 1,
|p Best practice project portfolio management
|
| 260 |
|
|
|a [Bradford, England] :
|b Emerald,
|c 2008.
|
| 300 |
|
|
|a 101 p. :
|b ill.
|
| 490 |
0 |
|
|a The international journal of quality & reliability management ;
|v v.25, no. 1
|
| 504 |
|
|
|a Includes bibliographical references.
|
| 533 |
|
|
|a Electronic reproduction. Ann Arbor, MI : ProQuest, 2015. Available via World Wide Web. Access may be limited to ProQuest affiliated libraries.
|
| 650 |
|
0 |
|a Management.
|
| 650 |
|
0 |
|a Quality control.
|
| 655 |
|
4 |
|a Electronic books.
|
| 700 |
1 |
|
|a Hunt, Robert A.
|
| 700 |
1 |
|
|a Killen, Catherine P.
|
| 710 |
2 |
|
|a ProQuest (Firm)
|
| 856 |
4 |
0 |
|u https://ebookcentral.proquest.com/lib/matrademy/detail.action?docID=348641
|z Click to View
|